000 00654nam a2200229Ii 4500
003 JO-AjNU
005 20240110130315.0
008 230605s9999||||xx |||||||||||||| ||und||
017 _a1987/11/889
040 _aJO-AjNU
_bara
_erda
_cJO-AjNU
041 _aara
050 1 4 _aPJ7820.A58.A15 1987
100 3 _aتأليف درويش،عيسى,
_eauthor
_934532
245 0 0 _aأقاصيص ريفية
264 3 1 _aدمشق:دار طلاس،1987
300 _a199ص
336 _atext
_btxt
_2rdacontent
337 _aunmediated
_bn
_2rdamedia
338 _avolume
_bnc
_2rdacarrier
650 4 _aالأدب العربي - قصص
_934533
942 _2lcc
_cBK
999 _c17737
_d17737